Teoretické prístupy k ekonomike dobrovoľníctva

Makro a mikropohľad na dobrovoľníctvo.Teórie o rozvoji dobrovoľníckej činnosti. Rozhodovanie sa pre dobrovoľnícku prácu.

Gespeichert in:
Bibliographische Detailangaben
1. Verfasser: Laluha, Ivan
Weitere Verfasser: Macková, Eva, Stanek, Vojtech
Format: Buchkapitel
Sprache:Slowakisch
Schlagworte:
Tags: Tag hinzufügen
Keine Tags, Fügen Sie das erste Tag hinzu!

MARC

LEADER 00000naa$a2200000$$$4500
001 0039332
005 20240502071503.0
041 0 |a slo 
044 |a SK 
245 1 0 |a Teoretické prístupy k ekonomike dobrovoľníctva  |c Ivan Laluha, Eva Macková, Vojtech Stanek 
520 |a Makro a mikropohľad na dobrovoľníctvo.Teórie o rozvoji dobrovoľníckej činnosti. Rozhodovanie sa pre dobrovoľnícku prácu. 
610 2 0 |a služby 
610 2 0 |a dobrovoľníctvo 
610 2 0 |a mzdy minimálne 
610 2 0 |a dopyt po práci 
610 2 0 |a motivácia pracovná 
610 2 0 |a sektor verejný 
610 2 0 |a práca sociálna 
100 1 |a Laluha, Ivan 
700 1 |a Macková, Eva 
700 1 |a Stanek, Vojtech